The church of Christ: its foundation and constitution

Αποθηκεύτηκε σε:
Λεπτομέρειες βιβλιογραφικής εγγραφής
Κύριος συγγραφέας: Finlay, Peter (Συγγραφέας)
Μορφή: Βιβλίο
Γλώσσα:Αγγλικά
Έκδοση: Londres Longmans Green and Co. 1916
Έκδοση:1a. ed
Θέματα:
Ετικέτες: Προσθήκη ετικέτας
Δεν υπάρχουν, Καταχωρήστε ετικέτα πρώτοι!

MARC

LEADER 00000cam a2200000 a 4500
001 UCE9669
003 CL-VaPUC
008 151029e19160000uk |||||||||||||||||eng|d
082 0 4 |a 260  |b FIN  |2 21 
100 0 |a Finlay, Peter  |e author  |9 582553 
245 1 4 |a The church of Christ: its foundation and constitution 
250 |a 1a. ed 
300 |a 264 p 
942 |c BK 
945 |d 20151029 22:28:00  |a gsalatino 
260 |a Londres  |b Longmans Green and Co.  |c 1916 
600 0 |a Dios  |9 314467 
600 0 |a Iglesia católica  |9 255129 
650 0 |a Teología social  |9 326726 
650 0 |a Cristianismo  |9 257361 
583 |a last modification  |c 20151029 22:28:00  |k Rodrigo Vera 
999 |c 361314  |d 361312 
952 |0 0  |1 0  |3 erd  |4 0  |6 260_000000000000000_FIN_1916  |7 0  |8 P  |9 471748  |a BIBTEO  |b BIBTES  |c TEO_FTES  |i 5207940  |o 260 FIN 1916  |p 5207940  |r 2024-01-18  |w 2019-11-24  |y BK  |z Catalogado en:20151029  |k ICR